[Event "Wch U20 Girls 25th"]
[Site "Yerevan"]
[Date "2007.10.08"]
[Round "6"]
[White "Tairova, Elena"]
[Black "Gevorgyan, Irina"]
[Result "1-0"]
[WhiteElo "2391"]
[BlackElo "2078"]
[PlyCount "77"]
[EventDate "2007.10.03"]
[EventType "swiss"]
[EventRounds "13"]
[EventCountry "ARM"]
[SourceTitle "CBM 120 Extra"]
[Source "ChessBase"]
[SourceDate "2007.11.01"]
[SourceVersion "1"]
[SourceVersionDate "2007.11.01"]
[SourceQuality "1"]

1. e4 c5 2. Nf3 e6 3. d4 cxd4 4. Nxd4 a6 5. Bd3 Nf6 6. 0-0 Qc7 7. c4 Nc6 8. Nf3 b6 9. b3 Bd6 10. Bb2 Ne5 11. h3 Bb7 12. Re1 0-0 13. Nd4 Rad8 14. Nc3 Qb8 15. Bc2 Ng6 16. Qe2 Bh2+ 17. Kh1 Bc7 18. Nf3 Ne5 19. Rad1 Nxf3 20. gxf3 Be5 21. Qe3 Bc6 22. b4 Rfe8 23. b5 axb5 24. cxb5 Ba8 25. Na4 Bxb2 26. Nxb2 d5 27. e5 Nd7 28. Rd4 Rc8 29. Bb1 Rc5 30. Rh4 f5 31. exf6 Nxf6 32. Nd3 Rxb5 33. Ne5 Rc5 34. Qg5 Rc7 35. Ng4 Nxg4 36. Bxh7+ Kf8 37. Rxg4 Qd8 38. Qe5 Ree7 39. Bg6 1-0